[Event "CZE-ch U14 2020"]
[Site "Kouty nad Desnou"]
[Date "2020.03.09"]
[Round "4.2"]
[White "Smolik, Jachym"]
[Black "Petricek, Lukas"]
[Result "1-0"]
[WhiteElo "2025"]
[BlackElo "2106"]
[Annotator "ChessBase"]
[PlyCount "103"]
[EventDate "2020.03.07"]
[EventCountry "CZE"]
[SourceTitle "playchess.com"]
[Source "ChessBase"]
[SourceQuality "1"]
[TimeControl "5400+30"]

1. d4 {[%emt 0:00:00]} Nf6 {[%emt 0:00:00]} 2. Nf3 {[%emt 0:00:00]} e6 {[%emt 0:00:00]} 3. Bf4 {[%emt 0:00:01]} d5 {[%emt 0:00:06]} 4. e3 {[%emt 0:00:08]} Bd6 {[%emt 0:00:09]} 5. Bg3 {[%emt 0:00:08]} b6 {[%emt 0:01:16]} 6. Bd3 {[%emt 0:00:51]} Bb7 {[%emt 0:00:33]} 7. Nbd2 {[%emt 0:00:54]} Qe7 {[%emt 0:06:04]} 8. c3 {[%emt 0:01:18]} Nbd7 {[%emt 0:01:34]} 9. Ne5 {[%emt 0:03:36]} Ne4 {[%emt 0:09:09]} 10. Nxe4 {[%emt 0:07:30]} dxe4 {[%emt 0:00:25]} 11. Bb5 {[%emt 0:00:26]} Bxe5 {[%emt 0:03:02]} 12. dxe5 {[%emt 0:00:12]} c6 {[%emt 0:02:59]} 13. Be2 {[%emt 0:02:20]} Rd8 {[%emt 0:02:32]} 14. Qc2 {[%emt 0:04:00]} c5 {[%emt 0:18:05]} 15. h4 {[%emt 0:01:46]} a6 {[%emt 0:09:22]} 16. h5 {[%emt 0:04:45]} f6 {[%emt 0:12:55]} 17. exf6 {[%emt 0:12:46]} gxf6 {[%emt 0:04:24]} 18. O-O-O {[%emt 0:02:28]} Ne5 {[%emt 0:02:52]} 19. Bxe5 {[%emt 0:01:06]} fxe5 {[%emt 0:00:08]} 20. h6 {[%emt 0:02:32]} O-O {[%emt 0:00:23]} 21. Rdf1 {[%emt 0:05:18]} Kh8 {[%emt 0:01:00]} 22. g4 {[%emt 0:02:49]} Rf7 {[%emt 0:02:58]} 23. c4 {[%emt 0:02:51]} Rdf8 {[%emt 0:04:09]} 24. Qc3 {[%emt 0:07:43]} Rxf2 {[%emt 0:07:24]} 25. Qxe5+ {[%emt 0:00:11]} Kg8 {[%emt 0:00:06]} 26. Rxf2 {[%emt 0:00:15]} Rxf2 {[%emt 0:00:09]} 27. Rh5 {[%emt 0:00:11]} Rf6 {[%emt 0:01:37]} 28. Rg5+ {[%emt 0:03:10]} Rg6 {[%emt 0:00:14]} 29. Rxg6+ {[%emt 0:02:28]} hxg6 {[%emt 0:00:05]} 30. g5 {[%emt 0:00:07]} Kh7 {[%emt 0:01:12]} 31. Bg4 {[%emt 0:00:35]} Bc8 {[%emt 0:00:33]} 32. Kd2 {[%emt 0:02:48]} b5 {[%emt 0:00:24]} 33. cxb5 {[%emt 0:07:02]} axb5 {[%emt 0:00:05]} 34. Kc1 {[%emt 0:01:23]} Bd7 {[%emt 0:03:25]} 35. Bh3 {[%emt 0:08:10]} Bc8 {[%emt 0:01:03]} 36. Bg2 {[%emt 0:02:18]} Bb7 {[%emt 0:00:21]} 37. Bf1 {[%emt 0:00:17]} Bc6 {[%emt 0:00:26]} 38. Be2 {[%emt 0:00:38]} Be8 {[%emt 0:00:35]} 39. Kb1 {[%emt 0:00:50]} Bc6 {[%emt 0:00:41]} 40. a3 {[%emt 0:00:39]} Be8 {[%emt 0:01:38]} 41. Bd1 {[%emt 0:02:27]} Bc6 {[%emt 0:04:00]} 42. Bb3 {[%emt 0:00:34]} Bd7 {[%emt 0:00:00]} 43. Bd5 {[%emt 0:00:00]} b4 {[%emt 0:00:00]} 44. axb4 {[%emt 0:00:00]} cxb4 {[%emt 0:00:00]} 45. Bxe4 {[%emt 0:00:00]} Ba4 {[%emt 0:00:00]} 46. Bd5 {[%emt 0:00:00]} Bd7 {[%emt 0:00:00]} 47. Bc4 {[%emt 0:00:00]} Qf7 {[%emt 0:00:00]} 48. Ka2 {[%emt 0:00:00]} Bc8 {[%emt 0:00:00]} 49. Kb3 {[%emt 0:00:00]} Qe7 {[%emt 0:00:00]} 50. Qg7+ {[%emt 0:00:00]} Qxg7 {[%emt 0:00:00]} 51. hxg7 {[%emt 0:00:00]} Kxg7 {[%emt 0:00:00]} 52. Kxb4 {[%emt 0:00:00]} 1-0

[Event "CZE-ch U14 2020"]
[Site "Kouty nad Desnou"]
[Date "2020.03.09"]
[Round "4.3"]
[White "Hlavina, Matous"]
[Black "Hrbek, Stepan"]
[Result "0-1"]
[WhiteElo "1986"]
[BlackElo "2142"]
[Annotator "TA"]
[PlyCount "118"]
[EventDate "2020.03.07"]
[EventCountry "CZE"]
[SourceTitle "playchess.com"]
[Source "ChessBase"]
[SourceQuality "1"]

{[%evp 16,118,6,-2,-9,-17,-8,-9,-8,-23,-23,-16,-2,-12,0,0,0,-4,-4,-10,-7,-15,-13,-20,11,14,17,26,31,13,22,0,0,0,0,0,0,0,0,0,0,0,0,0,0,0,0,0,0,0,0,0,0,0,0,0,0,0,0,0,0,0,0,0,0,0,0,0,0,-8,0,-25,0,0,0,-70,-70,-208,-159,-516,-475,-442,-364,-720,-728,-852,-747,-498,-506,-735,-794,-947,-935,-910,-855,-29977,-29946,-29983,-29984,-29984,-29985,-29986,-29986,-29985,-29986]} 1. e4 e5 2. Nf3 Nc6 3. d4 exd4 4. Nxd4 Nf6 5. Nxc6 bxc6 6. e5 Qe7 7. Qe2 Nd5 8. c4 Nb6 9. Nd2 Bb7 {C45: Scotch Game.} 10. Nf3 O-O-O 11. b3 Re8 {The position is equal.} 12. Bb2 {[#]} g6 $146 ({Predecessor:} 12... Qb4+ 13. Qd2 Qxd2+ 14. Kxd2 Bb4+ 15. Kc2 Bc5 16. Bd3 Bxf2 17. Rhf1 Be3 18. Rae1 Bh6 19. Nh4 Rhf8 20. Ba3 d6 21. exd6 Rxe1 22. Rxe1 cxd6 23. Bxd6 Rd8 24. Nf5 Bg5 25. Bg3 g6 26. Nd6+ {1-0 (26) Tsirakovsky,S (1868)-Suarez,R (1506) LSS email 2010}) 13. O-O-O Bg7 14. Qd2 f6 15. exf6 Bxf6 16. Bd3 c5 17. Rhe1 Qg7 18. Rxe8+ Rxe8 19. Re1 Kd8 20. Rxe8+ Kxe8 21. Qe3+ Kd8 22. Bxf6+ Qxf6 23. Qg5 (23. Ng5 {is interesting.} h6 24. Ne4 Qa1+ 25. Kd2 Bxe4 26. Bxe4 g5 27. Qxc5 d6 28. Qe3) 23... Qe7 24. Qxe7+ Kxe7 $11 {[%mdl 4096] Endgame KBN-KBN} 25. Ng5 h6 26. Ne4 Bxe4 27. Bxe4 {KB-KN} Kf6 28. Kd2 d6 29. Ke3 Nd7 30. h3 Nf8 31. Bd5 g5 32. g3 Ng6 33. Be4 Nf8 34. Bd5 Ke5 35. Bf7 Nd7 36. Bd5 Nf8 37. Bf7 a5 38. Bd5 Ng6 39. Bb7 Ne7 40. Be4 Nf5+ 41. Kd3 h5 42. g4 (42. Bxf5 $5 Kxf5 43. Ke3 $11) 42... Ng7 43. Ke3 $1 h4 44. Bd5 Ne8 45. Bf7 (45. Bb7 $11) 45... Nf6 $15 46. a3 ({White should try} 46. Bd5 $15) 46... Nh7 47. Bg8 $2 {[#] This costs White the game.} (47. Bg6 $17 {nothing else works.} Nf6 48. Bd3) 47... Nf8 $1 $19 48. Bf7 c6 49. Be8 $2 (49. Kd3) 49... Ne6 50. Bxc6 Nf4 51. Bh1 Nxh3 52. Bf3 Nf4 53. Be4 Ne6 54. Bf3 Nd4 55. Bd1 h3 {Black mates.} 56. f4+ gxf4+ 57. Kf2 Kf6 58. a4 Kg5 59. Bf3 Nxf3 {Accuracy: White = 71%, Black = 91%.} 0-1

[Event "CZE-ch U14 2020"]
[Site "Kouty nad Desnou"]
[Date "2020.03.09"]
[Round "4.4"]
[White "Babula, Vlastimil"]
[Black "Kures, Michael"]
[Result "1/2-1/2"]
[WhiteElo "2567"]
[BlackElo "1943"]
[Annotator "TA"]
[PlyCount "62"]
[EventDate "2020.03.07"]
[EventCountry "CZE"]
[SourceTitle "playchess.com"]
[Source "ChessBase"]
[SourceQuality "1"]

{[%evp 20,62,27,15,15,17,54,39,36,8,79,50,57,25,30,33,107,56,107,16,16,10,71,5,10,10,22,20,22,8,24,15,38,0,27,14,47,6,34,16,23,0,34,0,37]} 1. e4 c5 2. Nf3 Nc6 3. d4 cxd4 4. Nxd4 Nf6 5. Nc3 d6 6. Bc4 Qb6 7. Ndb5 a6 8. Be3 Qa5 9. Nd4 e6 10. O-O Be7 11. Bb3 O-O {B57: Classical Sicilian: Sozin with 6...Qb6.} 12. f4 {[#]} Rd8 $146 ({Predecessor:} 12... Bd7 13. f5 Nxd4 14. Bxd4 exf5 15. exf5 Bc6 16. Qe1 Rae8 17. Qg3 Nh5 18. Qf2 Bf6 19. Bb6 Qb4 20. Nd5 Bxd5 21. Bxd5 Nf4 22. c3 Qb5 23. Qxf4 Qxb6+ 24. Qf2 Qb5 25. Bf3 Qxf5 26. Bxb7 Qb5 {½-½ (26) Macieja,B (2613)-Khalifman,A (2669) Drammen 2004}) 13. Kh1 d5 {White is slightly better.} 14. exd5 Nxd5 (14... exd5 $11 15. f5 Bc5) 15. Nxd5 exd5 16. Qf3 Nxd4 17. Bxd4 {Threatens to win with f5.} Bc5 (17... Bf5 $1 $14) 18. Rad1 (18. Be5 $16) 18... Bf5 (18... Bxd4 $14 19. Rxd4 Bf5) 19. c3 (19. Be5 $16) 19... Be4 $11 20. Qe3 b6 (20... Bxd4 $11 {remains equal.} 21. Qxd4 Kh8) 21. Rf2 (21. f5 $16) 21... Rd6 22. Kg1 f5 23. Rfd2 {Hoping for Bxc5.} Rad8 24. g3 g6 25. Qf2 R6d7 26. Qe3 Rd6 27. h3 R8d7 28. Kh2 h6 29. Qg1 Kh7 30. Qf2 Rd8 31. Qe3 R8d7 {Accuracy: White = 53%, Black = 56%.} 1/2-1/2

[Event "CZE-ch U14 2020"]
[Site "Kouty nad Desnou"]
[Date "2020.03.09"]
[Round "4.5"]
[White "Paseka, Matyas"]
[Black "Werner, Hong Quan Dan"]
[Result "1-0"]
[WhiteElo "2012"]
[BlackElo "1801"]
[Annotator "ChessBase"]
[PlyCount "91"]
[EventDate "2020.03.07"]
[EventCountry "CZE"]
[SourceTitle "playchess.com"]
[Source "ChessBase"]
[SourceQuality "1"]
[TimeControl "5400+30"]

1. e4 {[%emt 0:00:00]} c5 {[%emt 0:00:00]} 2. Nf3 {[%emt 0:00:00]} Nc6 {[%emt 0:00:07]} 3. d4 {[%emt 0:00:00]} cxd4 {[%emt 0:00:20]} 4. Nxd4 {[%emt 0:00:00]} Nf6 {[%emt 0:00:12]} 5. Nc3 {[%emt 0:00:04]} e5 {[%emt 0:00:08]} 6. Ndb5 {[%emt 0:00:09]} d6 {[%emt 0:00:08]} 7. Bg5 {[%emt 0:00:11]} a6 {[%emt 0:02:59]} 8. Na3 {[%emt 0:00:24]} b5 {[%emt 0:00:05]} 9. Nd5 {[%emt 0:00:10]} Be7 {[%emt 0:00:12]} 10. Bxf6 {[%emt 0:00:04]} Bxf6 {[%emt 0:00:07]} 11. c3 {[%emt 0:00:09]} Ne7 {[%emt 0:00:07]} 12. Nc2 {[%emt 0:22:38]} Nxd5 {[%emt 0:00:41]} 13. Qxd5 {[%emt 0:00:09]} Rb8 {[%emt 0:03:44]} 14. Rd1 {[%emt 0:01:02]} Rb6 {[%emt 0:00:49]} 15. Ne3 {[%emt 0:06:38]} Be6 {[%emt 0:02:21]} 16. Qd3 {[%emt 0:00:18]} Bxa2 {[%emt 0:08:36]} 17. Ra1 {[%emt 0:01:36]} Be6 {[%emt 0:03:02]} 18. Rxa6 {[%emt 0:02:15]} Bc4 {[%emt 0:03:56]} 19. Nxc4 {[%emt 0:03:49]} Rxa6 {[%emt 0:00:21]} 20. Na3 {[%emt 0:00:24]} O-O {[%emt 0:01:10]} 21. Qd5 {[%emt 0:01:09]} Ra5 {[%emt 0:01:11]} 22. Bxb5 {[%emt 0:02:58]} Qb6 {[%emt 0:04:48]} 23. O-O {[%emt 0:03:35]} Qc5 {[%emt 0:06:43]} 24. Qd3 {[%emt 0:00:33]} Qc7 {[%emt 0:01:08]} 25. Rd1 {[%emt 0:01:26]} Be7 {[%emt 0:01:33]} 26. c4 {[%emt 0:04:28]} Qa7 {[%emt 0:03:56]} 27. Nc2 {[%emt 0:04:48]} g6 {[%emt 0:08:22]} 28. Ne3 {[%emt 0:01:19]} Ra1 {[%emt 0:01:53]} 29. g3 {[%emt 0:05:44]} Rxd1+ {[%emt 0:00:44]} 30. Qxd1 {[%emt 0:00:49]} Qd4 {[%emt 0:00:34]} 31. Qxd4 {[%emt 0:07:22]} exd4 {[%emt 0:00:09]} 32. Nd5 {[%emt 0:00:04]} Bd8 {[%emt 0:06:47]} 33. f4 {[%emt 0:00:16]} f6 {[%emt 0:05:10]} 34. b3 {[%emt 0:04:46]} h5 {[%emt 0:01:35]} 35. h3 {[%emt 0:02:04]} Kf7 {[%emt 0:01:46]} 36. Kf2 {[%emt 0:01:37]} f5 {[%emt 0:02:15]} 37. e5 {[%emt 0:04:25]} dxe5 {[%emt 0:01:38]} 38. fxe5 {[%emt 0:00:21]} g5 {[%emt 0:00:53]} 39. Bd7 {[%emt 0:00:31]} Re8 {[%emt 0:02:57]} 40. Bxe8+ {[%emt 0:01:46]} Kxe8 {[%emt 0:00:11]} 41. e6 {[%emt 0:00:10]} Be7 {[%emt 0:00:41]} 42. b4 {[%emt 0:00:45]} Bd6 {[%emt 0:03:53]} 43. c5 {[%emt 0:02:24]} Bxg3+ {[%emt 0:01:15]} 44. Kxg3 {[%emt 0:00:12]} d3 {[%emt 0:00:04]} 45. Kf2 {[%emt 0:01:21]} g4 {[%emt 0:00:15]} 46. hxg4 {[%emt 0:01:22]} 1-0

[Event "CZE-ch U14 2020"]
[Site "Kouty nad Desnou"]
[Date "2020.03.09"]
[Round "4.6"]
[White "Winter, Ondrej"]
[Black "Janous, Marek"]
[Result "1/2-1/2"]
[WhiteElo "1896"]
[BlackElo "1990"]
[Annotator "ChessBase"]
[PlyCount "56"]
[EventDate "2020.03.07"]
[EventCountry "CZE"]
[SourceTitle "playchess.com"]
[Source "ChessBase"]
[SourceQuality "1"]
[TimeControl "5400+30"]

1. e4 {[%emt 0:00:00]} c5 {[%emt 0:00:00]} 2. Nf3 {[%emt 0:00:00]} d6 {[%emt 0:00:00]} 3. d4 {[%emt 0:00:03]} cxd4 {[%emt 0:00:00]} 4. Nxd4 {[%emt 0:00:09]} Nf6 {[%emt 0:00:09]} 5. Nc3 {[%emt 0:00:07]} a6 {[%emt 0:00:07]} 6. Be3 {[%emt 0:00:20]} e5 {[%emt 0:00:11]} 7. Nb3 {[%emt 0:00:04]} Be6 {[%emt 0:00:15]} 8. Qd2 {[%emt 0:00:37]} Be7 {[%emt 0:01:37]} 9. f3 {[%emt 0:01:19]} h5 {[%emt 0:00:53]} 10. O-O-O {[%emt 0:00:29]} Qc7 {[%emt 0:00:10]} 11. Kb1 {[%emt 0:03:06]} Nbd7 {[%emt 0:00:21]} 12. Be2 {[%emt 0:07:30]} g6 {[%emt 0:05:24]} 13. h4 {[%emt 0:09:03]} Nb6 {[%emt 0:02:38]} 14. Bg5 {[%emt 0:06:00]} O-O-O {[%emt 0:08:13]} 15. Bd3 {[%emt 0:09:40]} Kb8 {[%emt 0:05:49]} 16. Qf2 {[%emt 0:00:36]} Rc8 {[%emt 0:06:01]} 17. Be3 {[%emt 0:04:44]} Nfd7 {[%emt 0:08:52]} 18. Rd2 {[%emt 0:05:09]} Rhd8 {[%emt 0:01:12]} 19. Rhd1 {[%emt 0:01:13]} Ka8 {[%emt 0:04:13]} 20. g3 {[%emt 0:01:17]} Nc4 {[%emt 0:16:15]} 21. Bxc4 {[%emt 0:00:07]} Bxc4 {[%emt 0:00:23]} 22. Nd5 {[%emt 0:03:36]} Bxd5 {[%emt 0:00:17]} 23. Rxd5 {[%emt 0:00:15]} Rf8 {[%emt 0:03:11]} 24. Bh6 {[%emt 0:22:49]} Rh8 {[%emt 0:00:15]} 25. Be3 {[%emt 0:00:44]} Rhf8 {[%emt 0:03:43]} 26. Bh6 {[%emt 0:00:08]} Rh8 {[%emt 0:00:05]} 27. Be3 {[%emt 0:01:03]} Rhf8 {[%emt 0:03:12]} 28. Bh6 {[%emt 0:01:29]} Rh8 1/2-1/2

[Event "CZE-ch U14 2020"]
[Site "Kouty nad Desnou"]
[Date "2020.03.09"]
[Round "4.7"]
[White "Prochazka, Vojtech"]
[Black "Vaclavik, Jan"]
[Result "0-1"]
[WhiteElo "1763"]
[BlackElo "1791"]
[Annotator "NA"]
[PlyCount "78"]
[EventDate "2020.03.07"]
[EventCountry "CZE"]
[SourceTitle "playchess.com"]
[Source "ChessBase"]
[SourceQuality "1"]
[TimeControl "5400+30"]

1. e4 {[%emt 0:00:00]} c5 {[%emt 0:00:00]} 2. Nf3 {[%emt 0:01:18]} Nc6 {[%emt 0:00:30]} 3. d4 {[%emt 0:01:25]} cxd4 {[%emt 0:00:14]} 4. Nxd4 {[%emt 0:00:06]} Nf6 {[%emt 0:00:14]} 5. Nc3 {[%emt 0:00:42]} d6 {[%emt 0:00:37]} 6. Bg5 {[%emt 0:08:19]} Bd7 {[%emt 0:01:01]} 7. Be2 {[%emt 0:02:05]} a6 {[%emt 0:02:30]} 8. O-O {[%emt 0:02:53]} e6 {[%emt 0:01:08]} 9. Qd2 {[%emt 0:08:13]} Be7 {[%emt 0:01:59]} 10. Rad1 {[%emt 0:01:55]} O-O {[%emt 0:07:54]} 11. Nxc6 {[%emt 0:02:39]} Bxc6 {[%emt 0:01:44]} 12. Bf3 {[%emt 0:00:21]} Qb6 {[%emt 0:03:32]} 13. b3 {[%emt 0:04:16]} Rfd8 {[%emt 0:03:22]} 14. Rfe1 {[%emt 0:02:42]} Rac8 {[%emt 0:01:39]} 15. Be3 {[%emt 0:12:32]} Qc7 {[%emt 0:01:40]} 16. Re2 {[%emt 0:02:39]} b5 {[%emt 0:04:01]} 17. Qd4 {[%emt 0:04:06]} Bb7 {[%emt 0:05:52]} 18. Nb1 {[%emt 0:00:40]} d5 {[%emt 0:10:24]} 19. e5 {[%emt 0:02:59]} Nd7 {[%emt 0:00:45]} 20. Bf4 {[%emt 0:01:44]} Bc5 {[%emt 0:01:50]} 21. Qb2 {[%emt 0:01:30]} Ba7 {[%emt 0:03:27]} 22. g3 {[%emt 0:06:23]} h6 {[%emt 0:02:02]} 23. h4 {[%emt 0:01:00]} Nb8 {[%emt 0:08:15]} 24. Kg2 {[%emt 0:06:27]} Nc6 {[%emt 0:01:31]} 25. Kh3 {[%emt 0:03:44]} Qe7 {[%emt 0:09:27]} 26. Be3 {[%emt 0:04:30]} Bxe3 {[%emt 0:07:12]} 27. Rxe3 {[%emt 0:00:15]} Qc7 {[%emt 0:00:51]} 28. Re2 {[%emt 0:01:50]} Rd7 {[%emt 0:05:43]} 29. Bg2 {[%emt 0:02:38]} Qb6 {[%emt 0:01:44]} 30. f4 {[%emt 0:01:13]} Rdc7 {[%emt 0:01:26]} 31. c3 {[%emt 0:00:49]} Ne7 {[%emt 0:00:54]} 32. Qd2 {[%emt 0:01:00]} a5 {[%emt 0:01:41]} 33. Qe3 {[%emt 0:07:44]} Qxe3 {[%emt 0:02:20]} 34. Rxe3 {[%emt 0:00:39]} b4 {[%emt 0:00:57]} 35. cxb4 {[%emt 0:02:09]} axb4 {[%emt 0:00:05]} 36. a3 {[%emt 0:01:04]} Nf5 {[%emt 0:01:07]} 37. Red3 {[%emt 0:00:29]} Ba6 {[%emt 0:00:35]} 38. R3d2 {[%emt 0:00:18]} bxa3 {[%emt 0:00:42]} 39. Nxa3 {[%emt 0:02:01]} Rc3 {[%emt 0:00:12]} 0-1

[Event "CZE-ch U14 2020"]
[Site "Kouty nad Desnou"]
[Date "2020.03.09"]
[Round "4.8"]
[White "Mrazek, Roman"]
[Black "Lang, Simon"]
[Result "0-1"]
[WhiteElo "1839"]
[BlackElo "1779"]
[Annotator "NA"]
[PlyCount "77"]
[EventDate "2020.03.07"]
[EventCountry "CZE"]
[SourceTitle "playchess.com"]
[Source "ChessBase"]
[SourceQuality "1"]
[TimeControl "5400+30"]

1. d4 {[%emt 0:00:00]} d5 {[%emt 0:00:08]} 2. Bf4 {[%emt 0:00:00]} Bf5 {[%emt 0:01:27]} 3. e3 {[%emt 0:00:00]} Nf6 {[%emt 0:01:03]} 4. Bd3 {[%emt 0:01:12]} Bg6 {[%emt 0:01:40]} 5. h3 {[%emt 0:02:07]} e6 {[%emt 0:01:47]} 6. Nf3 {[%emt 0:00:44]} Bd6 {[%emt 0:02:36]} 7. Ne5 {[%emt 0:02:16]} Nbd7 {[%emt 0:02:52]} 8. Nxg6 {[%emt 0:01:27]} fxg6 {[%emt 0:01:10]} 9. Bxd6 {[%emt 0:00:32]} cxd6 {[%emt 0:00:20]} 10. c3 {[%emt 0:01:14]} O-O {[%emt 0:06:00]} 11. O-O {[%emt 0:00:49]} Qe7 {[%emt 0:07:54]} 12. Nd2 {[%emt 0:02:42]} e5 {[%emt 0:09:10]} 13. Qb3 {[%emt 0:02:36]} Nb6 {[%emt 0:01:17]} 14. a4 {[%emt 0:03:54]} e4 {[%emt 0:01:20]} 15. Be2 {[%emt 0:00:57]} Qe6 {[%emt 0:08:42]} 16. a5 {[%emt 0:06:33]} Nc8 {[%emt 0:00:22]} 17. Qxb7 {[%emt 0:04:01]} Ne7 {[%emt 0:00:25]} 18. Qb3 {[%emt 0:01:52]} h5 {[%emt 0:04:57]} 19. Qd1 {[%emt 0:11:06]} Nf5 {[%emt 0:03:35]} 20. b4 {[%emt 0:05:21]} Nh7 {[%emt 0:04:18]} 21. Qb3 {[%emt 0:02:36]} Ng5 {[%emt 0:02:06]} 22. c4 {[%emt 0:02:16]} Nh4 {[%emt 0:04:00]} 23. cxd5 {[%emt 0:04:06]} Qd7 {[%emt 0:01:00]} 24. f3 {[%emt 0:10:16]} exf3 {[%emt 0:07:44]} 25. Bxf3 {[%emt 0:02:50]} Ngxf3+ {[%emt 0:01:26]} 26. Nxf3 {[%emt 0:00:13]} Nxf3+ {[%emt 0:00:10]} 27. Rxf3 {[%emt 0:02:39]} Rxf3 {[%emt 0:00:13]} 28. gxf3 {[%emt 0:00:09]} Qxh3 {[%emt 0:00:08]} 29. Ra2 {[%emt 0:04:06]} Rf8 {[%emt 0:00:30]} 30. Rg2 {[%emt 0:05:55]} Rxf3 {[%emt 0:02:08]} 31. Qc2 {[%emt 0:02:27]} Rxe3 {[%emt 0:01:03]} 32. Qf2 {[%emt 0:04:54]} Rb3 {[%emt 0:08:02]} 33. Qe2 {[%emt 0:01:00]} Rb1+ {[%emt 0:02:06]} 34. Kf2 {[%emt 0:00:04]} Qf5+ {[%emt 0:00:14]} 35. Kg3 {[%emt 0:00:34]} Rxb4 {[%emt 0:01:04]} 36. Rf2 {[%emt 0:02:00]} Rb3+ {[%emt 0:00:39]} 37. Kh2 Qh3+ 38. Kg1 Rg3+ 39. Rg2 0-1

[Event "CZE-ch U14 2020"]
[Site "Kouty nad Desnou"]
[Date "2020.03.09"]
[Round "4.9"]
[White "Stocek, Martin"]
[Black "Zednicek, Filip"]
[Result "1/2-1/2"]
[WhiteElo "1772"]
[BlackElo "1365"]
[Annotator "NA"]
[PlyCount "62"]
[EventDate "2020.03.07"]
[EventCountry "CZE"]
[SourceTitle "playchess.com"]
[Source "ChessBase"]
[SourceQuality "1"]
[TimeControl "5400+30"]

1. d4 d5 {[%emt 0:00:34]} 2. c4 {[%emt 0:00:00]} e6 {[%emt 0:01:29]} 3. Nc3 {[%emt 0:00:00]} c5 {[%emt 0:01:32]} 4. Nf3 {[%emt 0:01:17]} Nc6 {[%emt 0:02:40]} 5. e3 {[%emt 0:02:03]} Nf6 {[%emt 0:02:42]} 6. dxc5 {[%emt 0:06:01]} dxc4 {[%emt 0:02:15]} 7. Qxd8+ {[%emt 0:01:03]} Nxd8 {[%emt 0:00:19]} 8. Bxc4 {[%emt 0:00:43]} Bxc5 {[%emt 0:03:33]} 9. Bb5+ {[%emt 0:01:50]} Bd7 {[%emt 0:04:27]} 10. Bxd7+ {[%emt 0:00:24]} Nxd7 {[%emt 0:00:23]} 11. a3 {[%emt 0:00:24]} Rc8 {[%emt 0:03:14]} 12. Ne4 {[%emt 0:03:12]} O-O {[%emt 0:04:12]} 13. O-O {[%emt 0:03:32]} Be7 {[%emt 0:02:12]} 14. b4 {[%emt 0:01:19]} Nf6 {[%emt 0:04:13]} 15. Ned2 {[%emt 0:02:14]} Nc6 {[%emt 0:03:15]} 16. Nb3 {[%emt 0:01:12]} b6 {[%emt 0:04:46]} 17. Bb2 {[%emt 0:00:29]} Nd5 {[%emt 0:01:38]} 18. g3 {[%emt 0:03:59]} Bf6 {[%emt 0:04:15]} 19. Bxf6 {[%emt 0:00:10]} Nxf6 {[%emt 0:00:05]} 20. Rac1 {[%emt 0:00:49]} Rfd8 {[%emt 0:01:07]} 21. Rc2 {[%emt 0:01:29]} h6 {[%emt 0:01:04]} 22. Rfc1 {[%emt 0:02:24]} Ne7 {[%emt 0:00:09]} 23. Rc7 {[%emt 0:12:15]} Nfd5 {[%emt 0:00:16]} 24. Rxc8 {[%emt 0:23:55]} Rxc8 {[%emt 0:00:23]} 25. Rxc8+ {[%emt 0:00:10]} Nxc8 {[%emt 0:00:07]} 26. Kf1 {[%emt 0:03:19]} Nd6 {[%emt 0:00:18]} 27. Nfd4 {[%emt 0:02:17]} Nc4 {[%emt 0:00:18]} 28. Nc2 {[%emt 0:00:59]} Nc3 {[%emt 0:01:09]} 29. Nbd4 {[%emt 0:05:50]} Nb1 {[%emt 0:02:08]} 30. Nc6 {[%emt 0:03:46]} a6 {[%emt 0:00:06]} 31. a4 {[%emt 0:04:06]} Nc3 {[%emt 0:01:49]} 1/2-1/2

[Event "CZE-ch U14 2020"]
[Site "Kouty nad Desnou"]
[Date "2020.03.09"]
[Round "4.10"]
[White "Tajovsky, Simon"]
[Black "Vilimek, Vit"]
[Result "1-0"]
[WhiteElo "1512"]
[BlackElo "1695"]
[Annotator "NA"]
[PlyCount "45"]
[EventDate "2020.03.07"]
[EventCountry "CZE"]
[SourceTitle "playchess.com"]
[Source "ChessBase"]
[SourceQuality "1"]
[TimeControl "5400+30"]

1. d4 {[%emt 0:00:03]} Nf6 {[%emt 0:00:00]} 2. c4 {[%emt 0:00:13]} g6 {[%emt 0:00:00]} 3. Nc3 {[%emt 0:00:14]} d5 {[%emt 0:00:00]} 4. cxd5 {[%emt 0:00:04]} Nxd5 {[%emt 0:00:00]} 5. e4 {[%emt 0:00:04]} Nxc3 {[%emt 0:01:02]} 6. bxc3 {[%emt 0:00:07]} Bg7 {[%emt 0:00:03]} 7. Be3 {[%emt 0:00:10]} c5 {[%emt 0:00:04]} 8. Qd2 {[%emt 0:00:08]} Qa5 {[%emt 0:00:04]} 9. Rc1 {[%emt 0:00:55]} cxd4 {[%emt 0:00:06]} 10. cxd4 {[%emt 0:00:06]} Qxd2+ {[%emt 0:00:03]} 11. Kxd2 {[%emt 0:00:07]} O-O {[%emt 0:00:05]} 12. Nf3 {[%emt 0:00:50]} Rd8 {[%emt 0:00:05]} 13. Bb5 {[%emt 0:01:20]} a6 {[%emt 0:01:07]} 14. Ba4 {[%emt 0:01:01]} b5 {[%emt 0:00:18]} 15. Bb3 {[%emt 0:00:14]} Bb7 {[%emt 0:01:35]} 16. Ng5 {[%emt 0:08:24]} e6 {[%emt 0:03:58]} 17. Rc7 {[%emt 0:04:07]} Rd7 {[%emt 0:00:07]} 18. Rhc1 {[%emt 0:02:33]} h6 {[%emt 0:03:08]} 19. Nxe6 {[%emt 0:04:52]} Bxe4 {[%emt 0:05:42]} 20. Rc8+ {[%emt 0:02:37]} Kh7 {[%emt 0:01:32]} 21. Nc5 {[%emt 0:00:54]} Re7 {[%emt 0:03:31]} 22. Nxe4 {[%emt 0:00:53]} Rxe4 {[%emt 0:00:03]} 23. Bd5 {[%emt 0:00:09]} 1-0